UBT Library

CULTURAL ANTHROPOLOGY (Record no. 58374)

000 -LEADER
fixed length control field 00332nam a22001457a 4500
008 - FIXED-LENGTH DATA ELEMENTS--GENERAL INFORMATION
fixed length control field 221006b ||||| |||| 00| 0 eng d
020 ## - INTERNATIONAL STANDARD BOOK NUMBER
International Standard Book Number 9780134638225
041 ## - LANGUAGE CODE
Language code of text/sound track or separate title eng
080 ## - UNIVERSAL DECIMAL CLASSIFICATION NUMBER
Edition identifier fourth edition
Universal Decimal Classification number 572
082 ## - DEWEY DECIMAL CLASSIFICATION NUMBER
Classification number 572
100 ## - Rafti
Rafti 44.1
101 ## - Shkurtesa
Shkurtesa ANTR
245 ## - TITLE STATEMENT
Title CULTURAL ANTHROPOLOGY
Statement of responsibility, etc BONVILLAIN N
942 ## - ADDED ENTRY ELEMENTS (KOHA)
Source of classification or shelving scheme
Item type Books
Holdings
Withdrawn status Lost status Source of classification or shelving scheme Damaged status Not for loan Collection code Permanent location Current location Date acquired Total Checkouts Full call number Barcode Date last seen Price effective from Koha item type
          Koleksioni i përgjithshem UBT - Lipjan UBT - Lipjan 10/06/2022   572 BON 002-800028700107 10/06/2022 10/06/2022 Books
UBT Library © 2015-2024. All rights reserved University Education for Business and Technology